Kultowe filmy świateczne - Statystyki

Ogólne statystyki
  • Ten quiz został rozwiązany 69 razy
  • Średni wynik to 4 z 14
Statystyki odpowiedzi
Tytuły % Poprawnych
Kevin sam w domu
100%
Kevin sam w Nowym Jorku
84%
Grinch: Świąt nie będzie
38%
Listy do M.
30%
Opowieśc wigilijna
25%
Ekspres polarny
21%
Pada Shrek
14%
W krzywym zwierciadle: Witaj, Święty Mikołaju
11%
Jack Frost
9%
Świąteczna gorączka
7%
Rudolf czerwononosy renifer
5%
Wesołych Świąt
5%
Żółty Szalik
4%
Dziadek do orzechów
2%
Nie znaleziono quizów pasujących do podanych kryteriów
Rozkład punktacji
Procent ludzi z każdym wynikiem
Percentyl według liczby udzielonych odpowiedzi
Twoja historia wyników
Nie rozwiązałeś tego quizu